| 000 | 00534nam a2200133Ia 4500 | ||
|---|---|---|---|
| 008 | 220216s9999 xx 000 0 und d | ||
| 100 | _aJacob J.[a] | ||
| 245 | 0 | _aEco-friendly credentials of natural rubber | |
| 260 |
_bIn: Global competitiveness of Indian rubber plantation industry: Rubber Planters' Conference, India 2002. (Ed. C. Kuruvilla Jacob). Rubber Research Institute of India, Kottayam, India, pp. 245-251. _c2003 |
||
| 650 | _aEcofriendliness | ||
| 650 | _aEnvironmental impact | ||
| 650 | _aNatural rubber | ||
| 942 | _cBS | ||
| 999 |
_c52492 _d52492 |
||